20 Biggest Cities In South Africa - Statistics

General Stats
  • This quiz has been taken 29 times
  • The average score is 6 of 20
Answer Stats
Hint Answer % Correct
1 Johannesburg
100%
2 Cape Town
96%
18 Pretoria
96%
16 Durban
92%
20 Port Elizabeth
83%
17 Soweto
38%
19 Pietermaritzburg
21%
9 Polokwane
21%
8 Buffalo City
4%
13 Rustenburg
4%
15 Bushbuckridge
0%
4 Ekurhuleni
0%
10 Emfuleni
0%
3 eThekwini
0%
14 Makhado
0%
7 Mangaung
0%
11 Msunduzi
0%
6 Nelson Mandela Bay
0%
12 Thulamela
0%
5 Tshwane
0%
No matching quizzes found
Score Distribution
Percent of People with Each Score
Percentile by Number Answered
Your Score History
You have not taken this quiz